00729nam a22002057a 450000500170000001000150001702000260003203500140005803700130007208200150008510000200010024500870012026000420020727000620024930000210031170000160033294200290034899900190037795201270039620170817114433.0 aENG-119835 a9788129001443c795.00 aEN-103367 bDBAD/PUB a305.420954 aKanwar, Promila aWomen empowerment through urban local bodies /cby Promila Kanwar [and] R.K.Sharma aChandigarhbNew Era Book Agencyc2017 aSCO 49-51, Sector -17 C, Post Box -52bChandigarhe160017 a192p. c23cm(Hb) aSharma, R.K 2ddccENh305.420954mKAN c143461d143461 001040708NFICaRKPbRKPd2017-08-17eDBAD/PUBg795.00l0o305.420954 KANpEN-103367r2017-08-17 00:00:00t1v795.00yEN